000 00342nam a2200121Ia 4500
008 180205s9999 xx 000 0 und d
020 _a9810699778
100 _aMacionis, John J.
245 _aSociety undestanding the basics /
250 _a8th ed
260 _aJurong, Singapore
_bPearson Education south asia
_c2006
300 _av,525 pages
999 _c354739
_d354739